00549nam a2200181 a 45000010010000000030011000100080041000210350026000620820018000881000019001062450027001252600055001526500024002079420012002319520089002439980020003329990015003520000-9175ELIB.Books110520 1957  a(ELIB.Books)0000-9327 a268.433 bTax aTaxi, Henry N. aVentures in Youth Work bPeunsylvaxia: The Christian Education Press c1957 aChristian Education 2ddccBK 00102ddc4070aKBTSbKBTSd2011-05-20l0p964r2022-01-22 00:00:00w2022-01-22yBK cbate2011-05-20 c9175d9175